000 00349 a2200145 4500
001 168909
020 _a
040 _cMagnum
100 _aRuiz, Ambrosio J. Pulpillo
240 1 0 _aLa participacion de los padres en la escuela
_lESP
245 1 0 _aLa participacion de los padres en la escuela
362 0 _a1899
697 _aGERAL
942 _cBK
999 _c168909
_d168909